Ομηρική γεωγραφία και ομηρική εποχή : ο εξομηρισμός της αρχαίας Ελλάδας και το πρόβλημα των Μυκηνών
Αποθηκεύτηκε σε:
| Κύριος συγγραφέας: | |
|---|---|
| Μορφή: | Βιβλίο |
| Γλώσσα: | Greek |
| Δημοσίευση: |
Αθήνα :
Καστανιώτης,
1996
|
| Θέματα: | |
| Ετικέτες: |
Προσθήκη ετικέτας
Δεν υπάρχουν, Καταχωρήστε ετικέτα πρώτοι!
|
MARC
| LEADER | 00000nam a2200000 i 4500 | ||
|---|---|---|---|
| 001 | 1/2016 | ||
| 008 | 000420s1996 gre d | ||
| 020 | |a 960-03-1458-6 | ||
| 035 | |l 10060244 | ||
| 040 | |a GR-MY-UA |b gre |e aacr | ||
| 041 | 0 | |a gre | |
| 082 | 0 | |a 938.09 | |
| 100 | 1 | |a Πανταζής, Βαγγέλης. | |
| 245 | 1 | 0 | |a Ομηρική γεωγραφία και ομηρική εποχή : |b ο εξομηρισμός της αρχαίας Ελλάδας και το πρόβλημα των Μυκηνών / |c Βαγγέλης Δ. Πανταζής |
| 260 | |a Αθήνα : |b Καστανιώτης, |c 1996 | ||
| 300 | |a 533 σ. | ||
| 650 | 0 | 0 | |a Civilization, Homeric. |
| 650 | 0 | 0 | |a Geography, Ancient. |
| 650 | 0 | 0 | |a History, Ancient. |
| 651 | 0 | |a Greece |x History. | |
| 852 | |a INST |b LESVOS |e 20001101 |h 938.09 ΠΑΝ |p 005100028789 |q 005100028789 |t BK |y 0 | ||
| 852 | |a INST |b RHODES |e 20000420 |h 938.09 ΠΑΝ |p 005400006140 |q 005400006140 |t BK |y 0 | ||
| 901 | |a BIBL4-2000-1 | ||
| 901 | |a BIBL1-2001-2 | ||
| 909 | |a Ρ |b 053597 | ||
| 909 | |a Λ |b 082252 | ||
| 922 | |a 4ΕΛΗ |b 199801 |c ΚΠΣ/ΔΕ |d EMVASSIS | ||
| 922 | |a 1ΕΛΗ |b 200010 |c ΤΑΚ/ΤΓ |d ΠΑΠΑΣΩΤΗΡΙΟΥ | ||
| 950 | |a 118-2000-07-27 | ||
| 970 | |a ΚΟΥΛΑΚΙΟΤΗ |b ΛΙΤΣΑ |z 2000/04/20 | ||